Схемы соединения многофазных преобразовательных трансформаторов; Трансформаторное оборудование для преобразовательных установок

Bibliografiset tiedot
Päätekijä: Пестряева Л. М. Людмила Михайловна
Yhteenveto:Предлагаемая брошюра является дополнением к книге "Трансформаторное оборудование для преобразовательных установок" авторов Я. Л. Фишлера, Р.Н. Ур-манова. Л. М. Пестряевой. Упомянутая книга была написана в то время, когда в основном используемая фазность не превышала 24-х и наиболее применяемыми схемами соединения вентильной обмотки были: звезда, треугольник и треугольник с продолженными сторонами. Однако в последнее время широкое применение нашли и другие схемы соединения вентильных обмоток в связи с повышением требуемой фазности преобразовательных трансформаторов, используемых в различных отраслях промышленности. Предлагаемая брошюра посвящена исключительно схемам соединения обмоток многофазных преобразовательных трансформаторов с учетом современных тенден­ций их использования в различных областях промышленности.
Kieli:venäjä
Julkaistu: [Б. м.], [Б. и.], 2020
Sarja:Трансформаторы
Aiheet:
Aineistotyyppi: Kirja
KOHA link:https://koha.lib.tpu.ru/cgi-bin/koha/opac-detail.pl?biblionumber=346401

MARC

LEADER 00000nam0a2200000 4500
001 346401
005 20231102005900.0
035 |a (RuTPU)RU\TPU\book\378282 
090 |a 346401 
100 |a 20210826d2020 km y0rusy50 ca 
101 0 |a rus 
102 |a RU 
105 |a a z 001zy 
200 1 |a Схемы соединения многофазных преобразовательных трансформаторов  |f Л. М. Пестряева 
210 |a [Б. м.]  |c [Б. и.]  |d 2020 
215 |a 41 с.  |c ил. 
225 1 |a Трансформаторы 
320 |a Библиогр.: с. 41 
330 |a Предлагаемая брошюра является дополнением к книге "Трансформаторное оборудование для преобразовательных установок" авторов Я. Л. Фишлера, Р.Н. Ур-манова. Л. М. Пестряевой. Упомянутая книга была написана в то время, когда в основном используемая фазность не превышала 24-х и наиболее применяемыми схемами соединения вентильной обмотки были: звезда, треугольник и треугольник с продолженными сторонами. Однако в последнее время широкое применение нашли и другие схемы соединения вентильных обмоток в связи с повышением требуемой фазности преобразовательных трансформаторов, используемых в различных отраслях промышленности. Предлагаемая брошюра посвящена исключительно схемам соединения обмоток многофазных преобразовательных трансформаторов с учетом современных тенден­ций их использования в различных областях промышленности. 
422 1 |0 (RuTPU)RU\TPU\book\38534  |t Трансформаторное оборудование для преобразовательных установок  |f Я. Л. Фишлер, Р. Н. Урманов, Л. М. Пестряева  |c Москва  |n Энергоатомиздат  |d 1989  |p 320 с.  |s Трансформаторы ; Вып. 41  |a Фишлер, Яков Львович 
606 1 |a Трансформаторы преобразовательные  |2 stltpush  |3 (RuTPU)RU\TPU\subj\61478  |9 78666 
610 1 |a статические преобразователи 
610 1 |a фазность 
610 1 |a схемы соединения 
610 1 |a короткое замыкание 
610 1 |a напряжения 
610 1 |a сопротивления 
675 |a 621.314.21  |v 4 
700 1 |a Пестряева  |b Л. М.  |g Людмила Михайловна 
801 1 |a RU  |b 63413507  |c 20210826 
801 2 |a RU  |b 63413507  |c 20220203  |g RCR 
942 |c BK